LEADER 01139nam0-2200385---450 001 990009336110403321 005 20191004130012.0 010 $a978-88-568-2260-1 035 $a000933611 035 $aFED01000933611 035 $a(Aleph)000933611FED01 035 $a000933611 100 $a20110330d2010----km-y0itay50------ba 101 0 $aita 102 $aIT 105 $a--------001yy 200 1 $aEconomia dell'allevamento ovino da latte$eproduzione, trasformazione, mercato$fLorenzo Idda, Roberto Furesi, Pietro Pulina 210 $aMilano$cAngeli$dc2010 215 $a314 p.$d23 cm 225 1 $aEconomia$iRicerche$v784 610 0 $aAziende lattiero-casearie 610 0 $aPecore$aAllevamento 676 $a338.176 700 1$aIdda,$bLorenzo$074420 701 1$aFuresi,$bRoberto$0510587 701 1$aPulina,$bPietro$0510588 801 0$aIT$bUNINA$gRICA$2UNIMARC 901 $aBK 912 $a990009336110403321 952 $aH/1.224 IDD$fSES 952 $a60 338.176 IDDL 2010$b12653$fFAGBC 959 $aFAGBC 959 $aSES 996 $aEconomia dell'allevamento ovino da latte$9766805 997 $aUNINA LEADER 00893nam a2200265 i 4500 001 991003196279707536 005 20020503184651.0 008 010315s1962 it ||| | ita 035 $ab10471121-39ule_inst 035 $aEXGIL116722$9ExL 040 $aBiblioteca Interfacoltà$bita 082 0 $a370.109 100 1 $aViotto, Piero$0160067 245 10$aJacques Maritain /$cPiero Viotto 250 $a2. ed 260 $aBrescia :$bLa Scuola,$c1962 300 $a167 p. ;$c19 cm. 490 0 $aPedagogisti ed educatori 650 4$aMaritain, Jacques$xPensiero pedagogico 907 $a.b10471121$b21-02-17$c27-06-02 912 $a991003196279707536 945 $aLE002 A Ped. I E 28 bis$g1$i2002000049834$lle002$o-$pE0.00$q-$rl$s- $t0$u0$v0$w0$x0$y.i1054463x$z27-06-02 996 $aJacques Maritain$9146476 997 $aUNISALENTO 998 $ale002$b01-01-01$cm$da $e-$fita$git $h0$i1 LEADER 01240nam 2200409 450 001 9910793739703321 005 20230809232518.0 035 $a(CKB)4100000009151327 035 $a(MiAaPQ)EBC5882158 035 $a(Au-PeEL)EBL5882158 035 $a(OCoLC)1114968849 035 $a(EXLCZ)994100000009151327 100 $a20190926d2017 uy 0 101 0 $aeng 135 $aurcnu|||||||| 181 $ctxt$2rdacontent 182 $cc$2rdamedia 183 $acr$2rdacarrier 200 10$a180 days of high-frequency words for kindergarten /$fauthors, Jesse Hathaway 210 1$aHuntington Beach, California :$cShell Education,$d[2017] 210 4$d©2017 215 $a1 online resource (216 pages) $cillustrations 225 1 $aPractice-assess-diagnose 311 $a1-4258-1633-9 311 $a1-4258-9650-2 410 0$aPractice-assess-diagnose. 606 $aVocabulary$xStudy and teaching 615 0$aVocabulary$xStudy and teaching. 676 $a372.44 700 $aHathaway$b Jessica$01514679 801 0$bMiAaPQ 801 1$bMiAaPQ 801 2$bMiAaPQ 906 $aBOOK 912 $a9910793739703321 996 $a180 days of high-frequency words for kindergarten$93749996 997 $aUNINA